000 00385nam a2200169Ia 4500
001 3223
003 IN-NITTTR
005 20251114232945.0
008 251113s9999||||xx |||||||||||||| ||eng||
040 _beng
040 _cIN-NITTTR
041 _aeng
082 _a671.53 G288M
100 _aGensky, Rudolf
245 0 _aMetal cutting operations. /
_cGensky, Rudolf
942 _2ddc
_cBK
999 _c5458
_d5458